Strategic planning in education : (Record no. 7073)

MARC details
000 -LEADER
fixed length control field 00744nam a22002057a 4500
003 - CONTROL NUMBER IDENTIFIER
control field OSt
005 - DATE AND TIME OF LATEST TRANSACTION
control field 20251215030007.0
008 - FIXED-LENGTH DATA ELEMENTS--GENERAL INFORMATION
fixed length control field 251215b |||||||| |||| 00| 0 eng d
020 ## - INTERNATIONAL STANDARD BOOK NUMBER
International Standard Book Number 971-23-3967-x
040 ## - CATALOGING SOURCE
Original cataloging agency DWC-Main lib
Transcribing agency OC
082 ## - DEWEY DECIMAL CLASSIFICATION NUMBER
Classification number Fil. 371.2 M625s 2005
100 ## - MAIN ENTRY--PERSONAL NAME
Personal name Miclat, E.
245 ## - TITLE STATEMENT
Title Strategic planning in education :
Remainder of title making change happen
Statement of responsibility, etc. Miclat, Eusebio
260 ## - PUBLICATION, DISTRIBUTION, ETC.
Place of publication, distribution, etc. Manila, Philippines :
Name of publisher, distributor, etc. Rex Book Store, Inc.,
Date of publication, distribution, etc. c2005
300 ## - PHYSICAL DESCRIPTION
Extent xii, 345 pages ;
Dimensions 22 cm.
504 ## - BIBLIOGRAPHY, ETC. NOTE
Bibliography, etc. note Includes bibliographical references and index.
650 ## - SUBJECT ADDED ENTRY--TOPICAL TERM
Source of heading or term Educational planning - Philippines.
650 ## - SUBJECT ADDED ENTRY--TOPICAL TERM
Source of heading or term Strategic planning - Philippines.
942 ## - ADDED ENTRY ELEMENTS (KOHA)
Source of classification or shelving scheme Dewey Decimal Classification
Koha item type Book-Filipiniana
Classification part Fil. 371.2 M625s 2005
Call number prefix Fil.
Suppress in OPAC No
952 ## - LOCATION AND ITEM INFORMATION (KOHA)
--
952 ## - LOCATION AND ITEM INFORMATION (KOHA)
--
952 ## - LOCATION AND ITEM INFORMATION (KOHA)
--
Holdings
Withdrawn status Lost status Source of classification or shelving scheme Damaged status Not for loan Home library Current library Shelving location Date acquired Source of acquisition Total Checkouts Full call number Barcode Date last seen Copy number Price effective from Koha item type Uniform Resource Identifier
    Dewey Decimal Classification     College Library College Library Filipiniana 08/11/2005 School Fund   Fil. 371.2 M625s 2005 CL42219 12/15/2025 c3 12/15/2025 BK-FIL
    Dewey Decimal Classification     College Library College Library Filipiniana 08/11/2005 School Fund   Fil. 371.2 M625s 2005 CL42218 12/15/2025 c2 12/15/2025 BK-FIL
    Dewey Decimal Classification     College Library College Library Filipiniana 08/11/2005 School Fund   Fil. 371.2 M625s 2005 CL42217 12/15/2025 c1 12/15/2025 BK-FIL